Femmes d'absents ... (Record no. 5368)
[ view plain ]
| 000 -LEADER | |
|---|---|
| fixed length control field | 00856cam a22002291 4500 |
| 001 - CONTROL NUMBER | |
| control field | af 48003042 |
| 003 - CONTROL NUMBER IDENTIFIER | |
| control field | DLC |
| 005 - DATE AND TIME OF LATEST TRANSACTION | |
| control field | 20260227110859.0 |
| 008 - FIXED-LENGTH DATA ELEMENTS--GENERAL INFORMATION | |
| fixed length control field | 900131s1945 fr 000 0 fre c |
| 010 ## - LIBRARY OF CONGRESS CONTROL NUMBER | |
| LC control number | af 48003042 |
| 035 ## - SYSTEM CONTROL NUMBER | |
| System control number | (OCoLC)20982218 |
| 040 ## - CATALOGING SOURCE | |
| Original cataloging agency | California. Univ. Libr. |
| Transcribing agency | CU |
| Modifying agency | CU |
| -- | DLC |
| 050 00 - LIBRARY OF CONGRESS CALL NUMBER | |
| Classification number | D802.F8 |
| Item number | F37 1945 |
| 245 00 - TITLE STATEMENT | |
| Title | Femmes d'absents ... |
| Remainder of title | Témoignages recueillis par les associations de femmes de prisonniers et le Mouvement populaire des familles. |
| 260 ## - PUBLICATION, DISTRIBUTION, ETC. | |
| Place of publication, distribution, etc. | [Paris] |
| Name of publisher, distributor, etc. | Éditions ouvrières |
| Date of publication, distribution, etc. | [1945] |
| 300 ## - PHYSICAL DESCRIPTION | |
| Extent | x, 128 p. |
| Dimensions | 17 cm. |
| 500 ## - GENERAL NOTE | |
| General note | "Rédigé par quelques prisonniers rapatriés."--p. [1] |
| 500 ## - GENERAL NOTE | |
| General note | "Avant-propos" signed: Albert Robic, libéré du Stalag XII A. |
| 651 #0 - SUBJECT ADDED ENTRY--GEOGRAPHIC NAME | |
| Geographic name | France |
| General subdivision | History |
| Chronological subdivision | German occupation, 1940-1945. |
| 650 #0 - SUBJECT ADDED ENTRY--TOPICAL TERM | |
| Topical term or geographic name entry element | Women |
| Geographic subdivision | France. |
| 650 #0 - SUBJECT ADDED ENTRY--TOPICAL TERM | |
| Topical term or geographic name entry element | Women |
| General subdivision | Social and moral questions. |
No items available.